| 000 | 00467nam a2200157 i 4500 | ||
|---|---|---|---|
| 001 | 50906 | ||
| 003 | ES-MaACL | ||
| 005 | 20230906162246.0 | ||
| 007 | t| | ||
| 008 | 030807s1959 sp ||||1| spa d | ||
| 245 | 0 | 0 | _aCurso de contabilidad. |
| 260 |
_aSan Sebastián : _bCentro de Cultura por Correspondencia, _c[1959] ( _fValverde) |
||
| 300 |
_a35 foll. ; _c27 cm. |
||
| 710 | 2 |
_aCentro de Cultura por Correspondencia. _92598 |
|
| 852 |
_aES-MaACL _jC-14607 _bR.45224 |
||
| 999 |
_c50906 _d50906 |
||